<?xml version="1.0" encoding="UTF-8"?>
<record
    xmlns:xsi="http://www.w3.org/2001/XMLSchema-instance"
    xsi:schemaLocation="http://www.loc.gov/MARC21/slim http://www.loc.gov/standards/marcxml/schema/MARC21slim.xsd"
    xmlns="http://www.loc.gov/MARC21/slim">

  <leader>00717nam a22001337a 4500</leader>
  <datafield tag="040" ind1=" " ind2=" ">
    <subfield code="c">RUA</subfield>
  </datafield>
  <datafield tag="082" ind1=" " ind2=" ">
    <subfield code="a">AVM PHO 2018 B658 Or.1</subfield>
  </datafield>
  <datafield tag="100" ind1=" " ind2=" ">
    <subfield code="a">PHOT BANDETH &#x1795;&#x17BC;&#x178F; &#x1794;&#x178E;&#x17D2;&#x178C;&#x17B7;&#x178F; </subfield>
  </datafield>
  <datafield tag="245" ind1=" " ind2=" ">
    <subfield code="a">case of coccidiosis in three blood chicken at chan sophea's farm in ovloat commune, khan pou senchey, phom penh&#x200B; &#x1780;&#x179A;&#x178E;&#x17B8; coccidiosis &#x179B;&#x17BE;&#x1798;&#x17B6;&#x1793;&#x17CB;&#x1788;&#x17B6;&#x1798;&#x1793;&#x17C5;&#x1780;&#x179F;&#x17B7;&#x178A;&#x17D2;&#x178B;&#x17B6;&#x1793; &#x1785;&#x17B6;&#x1793;&#x17CB; &#x179F;&#x17BB;&#x1797;&#x17B6; &#x1783;&#x17BB;&#x17C6;&#x17AA;&#x17A1;&#x17C4;&#x178F; &#x1781;&#x178E;&#x17D2;&#x178C;&#x1796;&#x17C4;&#x1792;&#x17B7;&#x17D0;&#x179F;&#x17C2;&#x1793;&#x1787;&#x17D0;&#x1799;&#x179A;&#x17B6;&#x1787;&#x1792;&#x17B6;&#x1793;&#x17B8;&#x1797;&#x17D2;&#x1793;&#x17C6;&#x1796;&#x17C1;&#x1789;</subfield>
  </datafield>
  <datafield tag="260" ind1=" " ind2=" ">
    <subfield code="a">RUA</subfield>
    <subfield code="b">Phnom penh</subfield>
    <subfield code="c">2017</subfield>
  </datafield>
  <datafield tag="300" ind1=" " ind2=" ">
    <subfield code="a">viii;34p</subfield>
    <subfield code="b">ill;</subfield>
    <subfield code="c">29cm</subfield>
  </datafield>
  <datafield tag="856" ind1=" " ind2=" ">
    <subfield code="u">https://drive.google.com/file/d/1CzeDeZniAA9b6DGlkkJTQudGOhnSzsm0/view?usp=sharing</subfield>
  </datafield>
  <datafield tag="942" ind1=" " ind2=" ">
    <subfield code="c">AVM</subfield>
  </datafield>
  <datafield tag="999" ind1=" " ind2=" ">
    <subfield code="c">18943</subfield>
    <subfield code="d">18943</subfield>
  </datafield>
  <datafield tag="952" ind1=" " ind2=" ">
    <subfield code="0">0</subfield>
    <subfield code="1">0</subfield>
    <subfield code="2">ddc</subfield>
    <subfield code="4">0</subfield>
    <subfield code="6">AVM_PHO_2018_000000000000000_B658_OR</subfield>
    <subfield code="7">0</subfield>
    <subfield code="9">83668</subfield>
    <subfield code="a">LBB</subfield>
    <subfield code="b">LBB</subfield>
    <subfield code="c">B658</subfield>
    <subfield code="d">2020-02-12</subfield>
    <subfield code="o">AVM PHO 2018 B658 Or.</subfield>
    <subfield code="p">A44006</subfield>
    <subfield code="r">2020-02-12</subfield>
    <subfield code="w">2020-02-12</subfield>
    <subfield code="y">AVM</subfield>
  </datafield>
  <datafield tag="952" ind1=" " ind2=" ">
    <subfield code="0">0</subfield>
    <subfield code="1">0</subfield>
    <subfield code="2">ddc</subfield>
    <subfield code="4">0</subfield>
    <subfield code="6">AVM_PHO_2018_000000000000000_B658_OR</subfield>
    <subfield code="7">0</subfield>
    <subfield code="9">83669</subfield>
    <subfield code="a">LBB</subfield>
    <subfield code="b">LBB</subfield>
    <subfield code="c">B658</subfield>
    <subfield code="d">2020-02-12</subfield>
    <subfield code="o">AVM PHO 2018 B658 Or.</subfield>
    <subfield code="p">A43194</subfield>
    <subfield code="r">2020-02-12</subfield>
    <subfield code="w">2020-02-12</subfield>
    <subfield code="y">AVM</subfield>
  </datafield>
  <datafield tag="952" ind1=" " ind2=" ">
    <subfield code="0">0</subfield>
    <subfield code="1">0</subfield>
    <subfield code="2">ddc</subfield>
    <subfield code="4">0</subfield>
    <subfield code="6">AVM_PHO_2018_000000000000000_B658_OR</subfield>
    <subfield code="7">0</subfield>
    <subfield code="9">83670</subfield>
    <subfield code="a">LBB</subfield>
    <subfield code="b">LBB</subfield>
    <subfield code="c">B658</subfield>
    <subfield code="d">2020-02-12</subfield>
    <subfield code="l">1</subfield>
    <subfield code="o">AVM PHO 2018 B658 Or.</subfield>
    <subfield code="p">A44074</subfield>
    <subfield code="r">2020-05-13</subfield>
    <subfield code="s">2020-03-09</subfield>
    <subfield code="w">2020-02-12</subfield>
    <subfield code="y">AVM</subfield>
  </datafield>
  <datafield tag="952" ind1=" " ind2=" ">
    <subfield code="0">0</subfield>
    <subfield code="1">0</subfield>
    <subfield code="2">ddc</subfield>
    <subfield code="4">0</subfield>
    <subfield code="6">AVM_PHO_2018_000000000000000_B658_OR</subfield>
    <subfield code="7">0</subfield>
    <subfield code="9">83671</subfield>
    <subfield code="a">LBB</subfield>
    <subfield code="b">LBB</subfield>
    <subfield code="c">B658</subfield>
    <subfield code="d">2020-02-12</subfield>
    <subfield code="o">AVM PHO 2018 B658 Or.</subfield>
    <subfield code="p">A43086</subfield>
    <subfield code="r">2020-02-12</subfield>
    <subfield code="w">2020-02-12</subfield>
    <subfield code="y">AVM</subfield>
  </datafield>
  <datafield tag="952" ind1=" " ind2=" ">
    <subfield code="0">0</subfield>
    <subfield code="1">0</subfield>
    <subfield code="2">ddc</subfield>
    <subfield code="4">0</subfield>
    <subfield code="6">AVM_PHO_2018_000000000000000_B658_OR</subfield>
    <subfield code="7">0</subfield>
    <subfield code="9">83672</subfield>
    <subfield code="a">LBB</subfield>
    <subfield code="b">LBB</subfield>
    <subfield code="c">B658</subfield>
    <subfield code="d">2020-02-12</subfield>
    <subfield code="l">2</subfield>
    <subfield code="o">AVM PHO 2018 B658 Or.</subfield>
    <subfield code="p">A42632</subfield>
    <subfield code="r">2021-11-03</subfield>
    <subfield code="s">2021-10-18</subfield>
    <subfield code="w">2020-02-12</subfield>
    <subfield code="y">AVM</subfield>
  </datafield>
  <datafield tag="952" ind1=" " ind2=" ">
    <subfield code="0">0</subfield>
    <subfield code="1">0</subfield>
    <subfield code="2">ddc</subfield>
    <subfield code="4">0</subfield>
    <subfield code="6">AVM_PHO_2018_000000000000000_B658_OR</subfield>
    <subfield code="7">0</subfield>
    <subfield code="9">83673</subfield>
    <subfield code="a">LBB</subfield>
    <subfield code="b">LBB</subfield>
    <subfield code="c">B658</subfield>
    <subfield code="d">2020-02-12</subfield>
    <subfield code="l">1</subfield>
    <subfield code="o">AVM PHO 2018 B658 Or.</subfield>
    <subfield code="p">A42642</subfield>
    <subfield code="r">2021-02-17</subfield>
    <subfield code="s">2021-02-17</subfield>
    <subfield code="w">2020-02-12</subfield>
    <subfield code="y">AVM</subfield>
  </datafield>
</record>
